Encauzamiento de aguas pluviales en la zona 2 y 3 (Registro nro. 2540)

Detalles MARC
000 -LEADER
campo de control de longitud fija 01850nam a22003737a 4500
001 - NÚMERO DE CONTROL
campo de control 42835
003 - IDENTIFICADOR DE NÚMERO DE CONTROL
campo de control gtgccic
005 - FECHA Y HORA DE LA ÚLTIMA TRANSACCIÓN
campo de control 20251124111406.0
007 - CAMPO FIJO DE DESCRIPCIÓN FÍSICA--INFORMACIÓN GENERAL
campo de control de longitud fija ta
008 - DATOS DE LONGITUD FIJA--INFORMACIÓN GENERAL
campo de control de longitud fija 251124b gt ||||| |||| 00| 0 spa d
040 ## - FUENTE DE CATALOGACIÓN
Centro catalogador/agencia de origen gtgccic
Lengua de catalogación spa
Centro/agencia transcriptor gtgccic
Normas de descripción rda
084 ## - OTRO NÚMERO DE CLASIFICACIÓN
Número de control del registro de autoridad o número normalizado TPI-17-0126
100 10 - ENTRADA PRINCIPAL--NOMBRE DE PERSONA
Nombre de persona Jimmy Norman González Roca
Fechas asociadas al nombre Ingeniero Civil
Término indicativo de función/relación autor
245 10 - MENCIÓN DEL TÍTULO
Título Encauzamiento de aguas pluviales en la zona 2 y 3
Resto del título de la cabecera municipal de Chimaltenango /
Mención de responsabilidad, etc. González Roca, Jimmy Norman
264 #1 - PRODUCCIÓN, PUBLICACIÓN, DISTRIBUCIÓN, FABRICACIÓN Y COPYRIGHT
Producción, publicación, distribución, fabricación y copyright Guatemala, Guatemala :
Nombre del de productor, editor, distribuidor, fabricante USAC, Facultad de Ingeniería ;
Fecha de producción, publicación, distribución, fabricación o copyright 2017 .-
300 ## - DESCRIPCIÓN FÍSICA
Extensión xxxiv, 196 p. :
Otras características físicas il. ;
Dimensiones 27 cm
336 ## - TIPO DE CONTENIDO
Fuente rdacontenido
Término de tipo de contenido Texto
Código de tipo de contenido txt
337 ## - TIPO DE MEDIO
Fuente rdamedio
Nombre/término del tipo de medio sin mediación
Código del tipo de medio n
338 ## - TIPO DE SOPORTE
Fuente rdasoporte
Nombre/término del tipo de soporte volumen
Código del tipo de soporte nc
502 ## - NOTA DE TESIS
Nota de tesis Tesis Postgrado
Tipo de título MAESTRO EN ARTES EN INGENIERÍA PARA EL DESARROLLO MUNICIPAL
Nombre de la institución que otorga el título USAC, Facultad de Ingeniería, Escuela de Postgrado
Año de obtención del título 2017
Identificador de la tesis TPI-17-0126
504 ## - NOTA DE BIBLIOGRAFÍA, ETC.
Nota de bibliografía, etc. Nota Bibliografía pag. 189
505 ## - NOTA DE CONTENIDO CON FORMATO
Título 1. MARCO TEÓRICO: ALCANCES Y DESARROLLO MUNICIPAL
505 ## - NOTA DE CONTENIDO CON FORMATO
Título 2. CARACTERÍSTICAS DE POBLACIÓN Y VIVIENDA EN LA ZONA 2 Y ZONA 3
505 ## - NOTA DE CONTENIDO CON FORMATO
Título 3. FUNCIONAMIENTO DE LAS AGUAS RESIDUALES Y PLUVIALES
505 ## - NOTA DE CONTENIDO CON FORMATO
Título 4. DISEÑO PARA ENCAUZAR LAS AGUAS PLUVIALES
505 ## - NOTA DE CONTENIDO CON FORMATO
Título 5. PRESENTACIÓN DE RESULTADOS
505 ## - NOTA DE CONTENIDO CON FORMATO
Título 6. DISCUSIÓN DE RESULTADOS
520 #3 - RESUMEN, ETC.
Sumario, etc. La importancia de estudiar la problemática de servicios públicos como los sistemas de aguas pluviales, mejora las condiciones de vida y mejora las viviendas de las personas que no cuentan con un sistema adecuado de evacuación de aguas pluviales, la prestación de un servicio público que la municipalidad debería prestar, con calidad y eficiencia.
650 ## - PUNTO DE ACCESO ADICIONAL DE MATERIA--TÉRMINO DE MATERIA
Término de materia o nombre geográfico como elemento de entrada DESVIACIÓN DE AGUAS
650 ## - PUNTO DE ACCESO ADICIONAL DE MATERIA--TÉRMINO DE MATERIA
Término de materia o nombre geográfico como elemento de entrada AGUAS RESIDUALES
700 ## - ENTRADA AGREGADA--NOMBRE PERSONAL
Nombre de persona M. Sc. Estuardo Antonio Velásquez Carrera
942 ## - ELEMENTOS DE ENTRADA SECUNDARIOS (KOHA)
Fuente de la clasificación o esquema de estantería Clasificación Decimal Dewey
Tipo de ítem Koha TESISPOSTGRADO
945 ## - PROCESAMIENTO DE INFORMACIÓN LOCAL (OCLC)
a amlo
Existencias
Estatus retirado Estado de pérdida Fuente de la clasificación o esquema de estantería Estado de daño No para préstamo Biblioteca de origen Biblioteca actual Fecha de adquisición Número de inventario Total de préstamos Signatura topográfica completa Código de barras Visto por última vez Precio de reemplazo Tipo de ítem Koha Nota pública
    Clasificación Decimal Dewey     CENTRO DE INFORMACIÓN A LA CONSTRUCCIÓN-CICON CENTRO DE INFORMACIÓN A LA CONSTRUCCIÓN-CICON 24/11/2025 P20170126   TPI-17-0126 20170126 24/11/2025 24/11/2025 TESISPOSTGRADO disponible